000 00202nam a22000857a 4500
008 170201b xxu||||| |||| 00| 0 eng d
100 _92733
_aDarling Louis
245 _aBeverly Cleory
260 _aU.S.A.
_c1990
999 _c5900
_d5900